000 00570 a2200181 4500
003 Nust
005 20230127100016.0
040 _cNust
082 _a658,SUP
100 _asudhakar.G.P.
_93649
245 _aElements of software project Management /
_cG.P. Sudhakar
260 _aNew Delhi
_bPHI Learning Private limited
_c2010
300 _axxii,237. p;
505 _aIntroduction (Page-3-103), Human resources (Page-107-160), Advanced topics (Page-163-211).
600 _aG.P.Sudhakar
_93650
650 _aTelecommunication Engineering
942 _2ddc
_cBK
_k658,SUP
999 _c189437
_d189437